Consumer Awareness, Welfare and Protection: Problems and Prospects (Record no. 502690)

000 -LEADER
fixed length control field 00516cam a22001457a 4500
008 - FIXED-LENGTH DATA ELEMENTS--GENERAL INFORMATION
fixed length control field 180718b2012 xxu||||| |||| 00| 0 eng d
020 ## - INTERNATIONAL STANDARD BOOK NUMBER
International Standard Book Number 9788184841435
082 ## - DEWEY DECIMAL CLASSIFICATION NUMBER
Classification number T34403x54 G154
100 ## - MAIN ENTRY--PERSONAL NAME
Personal name Ganesan G. and Sumathy.M
245 ## - TITLE STATEMENT
Title Consumer Awareness, Welfare and Protection: Problems and Prospects
Statement of responsibility, etc. Edited by G.Ganesan and M.Sumathy
260 ## - PUBLICATION, DISTRIBUTION, ETC.
Place of publication, distribution, etc. New Delhi
Name of publisher, distributor, etc. Regal Publications
Date of publication, distribution, etc. 2012
300 ## - PHYSICAL DESCRIPTION
Extent 366p.
650 ## - SUBJECT ADDED ENTRY--TOPICAL TERM
Topical term or geographic name entry element Consumer protection -- Law and legislation -- India
650 ## - SUBJECT ADDED ENTRY--TOPICAL TERM
Topical term or geographic name entry element Consumer protection -- India
Holdings
Withdrawn status Lost status Damaged status Not for loan Permanent Location Current Location Date acquired Full call number Barcode Date last seen Price effective from Koha item type
        Indian Institute of Public Administration Indian Institute of Public Administration 2018-08-04 T34403x54 G154 GR18979 2018-08-04 2018-08-04 GR

Powered by Koha